Hurry Up Tomorrow - The Weeknd Lyrics - Statistics

General Stats
  • This quiz has been taken 20 times
  • The average score is 116 of 188
Answer Stats
Hint Answer % Correct
I
100%
the
100%
a
92%
my
92%
My
92%
no
92%
to
92%
Who
92%
else
83%
for
83%
for.
83%
I'm
83%
me
83%
more
83%
Now
83%
pay
83%
when
83%
win
83%
end.
75%
end
75%
have
75%
it
75%
it,
75%
it's
75%
late
75%
sins?
75%
So
75%
so
75%
that
75%
too
75%
up
75%
Verse 1 Wash
75%
with
75%
your
75%
and
67%
Pre-Chorus And
67%
fabricated
67%
fire
67%
has
67%
left
67%
love's
67%
ready
67%
save
67%
burn
58%
die
58%
face
58%
Heaven
58%
light
58%
away
50%
change
50%
done
50%
from
50%
in
50%
looking
50%
pain
50%
see
50%
Tie
50%
want
50%
watching
50%
what
50%
above.
42%
accept
42%
after
42%
can't
42%
enough
42%
fights
42%
find
42%
hope
42%
I'll
42%
is
42%
life
42%
run
42%
same
42%
confession
33%
Mama
33%
much
33%
of
33%
drowning
25%
every
25%
learned
25%
lies
25%
piece
25%
someone's
25%
sorry
25%
than
25%
took
25%
tub
25%
where
25%
fill
17%
how
17%
loss
17%
one
17%
ounce
17%
promise
17%
their
17%
they
17%
abandons
8%
been
8%
father
8%
innocence
8%
I've
8%
lives
8%
mother
8%
swim
8%
trying
8%
void
8%
failed
0%
her
0%
like
0%
myself
0%
No matching quizzes found
Score Distribution
Percent of People with Each Score
Percentile by Number Answered
Your Score History
You have not taken this quiz